| 000 | 01575nam0a2200301 4500 | ||
|---|---|---|---|
| 001 | RU\NLR\bibl\1209181 | ||
| 005 | 20250615104207.0 | ||
| 010 |
_a978-5-88814-220-2 _9500 |
||
| 021 |
_aRU _b2008-9092 _9508 |
||
| 035 | _a(NLR Aleph) 001195615 | ||
| 090 |
_a1744920 _c1744920 |
||
| 100 | _a20080402d2008 |||y0rusy50 ca | ||
| 101 | 0 | _arus | |
| 102 | _aRU | ||
| 105 | _ay ||||||||| | ||
| 200 | 1 |
_aСовременная правовая политика России в области железнодорожного транспорта: формы практической реализации _eмонография _fН.В. Мишина _gРОСЖЕЛДОР, Гос. образоват. учреждение высш. проф. образования "Рост. гос. ун-т путей сообщ." (РГУПС) |
|
| 210 |
_aРостов-на-Дону _cРостовский государственный университет путей сообщения _d2008 |
||
| 215 |
_a220 с. _d21 |
||
| 300 | _aНа 4-й с. обл. авт.: Мишина Н.В., к. ист. н., доц. | ||
| 320 | _aБиблиогр. в подстроч. примеч. | ||
| 606 | 1 |
_aЖелезнодорожный транспорт _xПравовое регулирование _yРоссийская Федерация _92139389 _3RU\NLR\auth\661289647 |
|
| 686 | _aХ621.145.2 | ||
| 700 | 1 |
_aМишина _bН. В. _gНаталья Вячеславовна _4070 |
|
| 801 | 0 |
_aRU _bNLR _c20080402 _gRCR |
|
| 801 | 1 |
_aRU _bNLR _c20080402 |
|
| 942 | _cBOOK | ||
| 980 | _aNB | ||